Famous 2020s Singers by the Picture - Statistics

General Stats
  • This quiz has been taken 63 times
  • The average score is 11 of 15
Answer Stats
Picture Answer % Correct
Taylor Swift
98%
Billie Eilish
95%
Sabrina Carpenter
95%
The Weeknd
95%
Ariana Grande
93%
Beyonce
91%
Bad Bunny
88%
Olivia Rodrigo
88%
Dua Lipa
73%
Ice Spice
66%
Chappell Roan
61%
Doja Cat
59%
SZA
59%
Tate McRae
57%
Noah Kahan
32%
No matching quizzes found
Score Distribution
Percent of People with Each Score
Percentile by Number Answered
Your Score History
You have not taken this quiz